000 00435nam a2200181Ia 4500
001 18389
005 20260306171627.0
008 260306s9999||||xx |||||||||||||| ||und||
041 _aESP
082 _a658.4034
_bW61
100 _aWinston, Wayne L.
_eAUT
245 0 _aInvestigación de operaciones:
_baplicaciones y algoritmos
260 _c2005
300 _a
_c
650 _aGEN
654 _aCAN
942 _cLIB
_dJUS
_fJUS
_2ddc
_n
999 _c18389
_d18389